000 00810nam a2200181Ia 4500
008 090630s9999 xx 000 0 und d
082 _b14992
100 _aडॉ. दाणी गो. वि.
245 _aभारतातील पशुधनाच्या जाती.
_cडॉ. दाणी गो. वि.
260 _bमहाराष्ट्र विद्यापीठ ग्रंथनिर्मिती मंडळ - नागपूर.
_c1982
300 _a87
600 _aडॉ. दाणी गो. वि.
630 _aभारतातील पशुधनाच्या जाती.
655 _aइतर.
700 _aडॉ. दाणी गो. वि.
730 _aभारतातील पशुधनाच्या जाती.
942 _cBOOK
999 _c266848
_d266848